| 000 | 00698nam a2200205 a 4500 | ||
|---|---|---|---|
| 001 | 000035915 | ||
| 005 | 20200930074721.0 | ||
| 008 | 111116s2009 dr 000 0 spa d | ||
| 040 |
_aDO-SdBNP _bspa _cBNPHU |
||
| 082 |
_a972.9373 _bM778e |
||
| 100 | 1 |
_aMontero, Raúl _961922 |
|
| 245 | 1 | 0 |
_aEstampas Banilejas / _cRaúl Montero. |
| 260 |
_aBaní : _bMediabyte, _c2009. |
||
| 300 |
_a106 p. ; _c23 cm. |
||
| 650 | 4 |
_aCiudades y pueblos _xBaní (república dominicana) _961923 |
|
| 651 | 4 |
_aBaní (República Dominicana{Rpara} _xHistoria Local _96339 |
|
| 651 | 4 |
_aBaní (República Dominicana{Rpara} _xVida Social Y Costrumbres _961924 |
|
| 910 | _aValidado. Control de calidad MFF | ||
| 049 | _aBNPD | ||
| 999 |
_c35406 _d35406 |
||